A far better thing (Record no. 5174)

MARC details
000 -CABECERA
campo de control de longitud fija 01816cam a2200337 i 4500
001 - NÚMERO DE CONTROL
campo de control 991107578821306196
005 - FECHA Y HORA DE LA ÚLTIMA TRANSACCIÓN
campo de control 20251112133127.0
008 - DATOS DE LONGITUD FIJA--INFORMACIÓN GENERAL
campo de control de longitud fija 250407s2025 nyu 000 1 eng
010 ## - NÚMERO DE CONTROL DE LA BIBLIOTECA DEL CONGRESO
Número de control de LC 2025011753
020 ## - NÚMERO INTERNACIONAL ESTÁNDAR DEL LIBRO
Número Internacional Estándar del Libro 9781250334183
035 ## - NÚMERO DE CONTROL DEL SISTEMA
Número de control de sistema (OCoLC)1452440026
035 ## - NÚMERO DE CONTROL DEL SISTEMA
Número de control de sistema (OCoLC)on1452440026
040 ## - FUENTE DE LA CATALOGACIÓN
Centro catalogador/agencia de origen DLC
Lengua de catalogación eng
Normas de descripción rda
Centro/agencia transcriptor DLC
Centro/agencia modificador BDX
-- IG#
-- DYJ
-- Y$5
-- TDS
-- MWD
-- MLSOD
-- SDD
-- YDX
041 ## - CÓDIGO DE LENGUA
Código de lengua del texto/banda sonora o título independiente eng
042 ## - CÓDIGO DE AUTENTICACIÓN
Código de autenticación pcc
050 00 - SIGNATURA TOPOGRÁFICA DE LA BIBLIOTECA DEL CONGRESO
Número de clasificación PR9639.4.P376
Número de documento/Ítem F37 2025
100 ## - ENTRADA PRINCIPAL--NOMBRE DE PERSONA
Nombre de persona Parry, H. G.
Término indicativo de función/relación author
9 (RLIN) 26489
245 12 - MENCIÓN DE TÍTULO
Título A far better thing
Mención de responsabilidad, etc. / H.G. Parry.
250 ## - MENCIÓN DE EDICIÓN
Mención de edición First edition.
260 ## - PUBLICACIÓN, DISTRIBUCIÓN, ETC.
Lugar de publicación, distribución, etc. New York, NY :
Nombre del editor, distribuidor, etc. Tor Publishing Group,
Fecha de publicación, distribución, etc. 2025.
300 ## - DESCRIPCIÓN FÍSICA
Extensión 404 pages ;
Dimensiones 21 cm
520 ## - SUMARIO, ETC.
Sumario, etc. Jonathan Strange & Mr Norrell meets A Tale of Two Cities in H. G. Parry's A Far Better Thing, a heart-rending fantasy of faery revenge set during the French Revolution. Most Anticipated SSF Books 2025-The Nerd Daily I feared this was the best of times; I hoped it could not get any worse. The faeries stole Sydney Carton as a child, and made him a mortal servant of the Faery Realm. Now, he has a rare opportunity for revenge against the fae and Charles Darnay, the changeling left in his stead. It will take magic and cunning-cold iron and Realm silver-to hide his intentions from humans and fae and bring his plans to fruition. Shuttling between London and Paris during the Reign of Terror, generations of violence-begetting-violence lead him to a heartbreaking choice in the shadow of the guillotine.
650 #0 - PUNTO DE ACCESO ADICIONAL DE MATERIA--TÉRMINO DE MATERIA
Término de materia o nombre geográfico como elemento de entrada Magic
Subdivisión de forma Fiction
9 (RLIN) 24059
650 #0 - PUNTO DE ACCESO ADICIONAL DE MATERIA--TÉRMINO DE MATERIA
Término de materia o nombre geográfico como elemento de entrada Fairies
Subdivisión de forma Fiction
9 (RLIN) 26447
650 #0 - PUNTO DE ACCESO ADICIONAL DE MATERIA--TÉRMINO DE MATERIA
Término de materia o nombre geográfico como elemento de entrada Kidnapping
Subdivisión de forma Fiction
9 (RLIN) 26377
651 #0 - PUNTO DE ACCESO ADICIONAL DE MATERIA--NOMBRE GEOGRÁFICO
Nombre geográfico London (England)
Subdivisión de forma Fiction
9 (RLIN) 24106
651 #0 - PUNTO DE ACCESO ADICIONAL DE MATERIA--NOMBRE GEOGRÁFICO
Nombre geográfico Paris (France)
Subdivisión de forma Fiction
9 (RLIN) 26224
655 #0 - TÉRMINO DE INDIZACIÓN--GÉNERO/FORMA
Datos o término principal de género/forma Fantasy fiction
9 (RLIN) 22510
655 #0 - TÉRMINO DE INDIZACIÓN--GÉNERO/FORMA
Datos o término principal de género/forma Historical fiction
9 (RLIN) 22722
942 ## - ELEMENTOS DE ENTRADA AGREGADA (KOHA)
Fuente del sistema de clasificación o colocación Clasificación de Library of Congress
Holdings
Estado de retiro Estado de pérdida Fuente del sistema de clasificación o colocación Estado dañado No para préstamo Biblioteca de origen Biblioteca actual Fecha de adquisición Total de préstamos Signatura topográfica completa Código de barras Fecha visto por última vez Número de copia Precio válido a partir de Tipo de ítem Koha
    Clasificación de Library of Congress     TBS Barcelona TBS Barcelona 12/11/2025   P-EN PAR B05653 12/11/2025 1 12/11/2025 Book

Powered by Koha